000
00263nam a2200109Ia 4500
005
20260328104332.0
008
260328s9999||||xx |||||||||||||| ||und||
100
_a
Light4
245
0
_a
Venice Itself :
_b
Façon de Venise /
_c
Light4
650
_a
ITALIA
942
_c
BK
999
_c
11768
_d
11768